Countries With Less Than 0.01% of the World’s Population - Statistics

General Stats
  • This quiz has been taken 40 times
  • The average score is 8 of 9
Answer Stats
Population Country % Correct
800 Vatican
100%
34,000 San Marino
94%
37,000 Monaco
91%
13,000 Nauru
88%
10,000 Tuvalu
88%
39,000 Liechtenstein
84%
20,000 Palau
84%
672,000 Luxembourg
63%
542,000 Malta
63%
No matching quizzes found
Score Distribution
Percent of People with Each Score
Percentile by Number Answered
Your Score History
You have not taken this quiz